Changing English. / (Record no. 6883)

MARC details
000 -LEADER
fixed length control field 00701nam a22001817a 4500
008 - FIXED-LENGTH DATA ELEMENTS--GENERAL INFORMATION
fixed length control field 190807b xxu||||| |||| 00| 0 eng d
020 ## - INTERNATIONAL STANDARD BOOK NUMBER
International Standard Book Number 9780415376693
050 ## - LIBRARY OF CONGRESS CALL NUMBER
Classification number PE1075.C36
245 ## - TITLE STATEMENT
Title Changing English. /
Statement of responsibility, etc. edited by: David Garddol
260 ## - PUBLICATION, DISTRIBUTION, ETC.
Place of publication, distribution, etc. New York:
Name of publisher, distributor, etc. Rouledge,
Date of publication, distribution, etc. 2007.
300 ## - PHYSICAL DESCRIPTION
Extent iii, 291 p.:
Other physical details ill.;
Dimensions 25 cm
500 ## - GENERAL NOTE
General note Includes index.
505 ## - FORMATTED CONTENTS NOTE
Formatted contents note Contents: English voices -- The origins of English -- Modernity and english as a national language -- English-colonial to postcolonial -- Accent as social symbol -- Dialect variation in English -- Style shifting, codeswitching.
700 ## - ADDED ENTRY--PERSONAL NAME
Personal name Graddol, David
700 ## - ADDED ENTRY--PERSONAL NAME
Personal name Leith, Dick
700 ## - ADDED ENTRY--PERSONAL NAME
Personal name Swann, Joan
942 ## - ADDED ENTRY ELEMENTS (KOHA)
Source of classification or shelving scheme Library of Congress Classification
Koha item type Books
Holdings
Withdrawn status Lost status Source of classification or shelving scheme Damaged status Not for loan Home library Current library Shelving location Date acquired Total Checkouts Full call number Barcode Date last seen Price effective from Koha item type
    Library of Congress Classification     WISCONSIN INTERNATIONAL UNIVERSITY COLLEGE, GHANA - MAIN LIBRARY WISCONSIN INTERNATIONAL UNIVERSITY COLLEGE, GHANA - MAIN LIBRARY Reference 07/08/2019   PE1075.C36 7835/262/15 07/08/2019 07/08/2019 Books

If you have any concerns or questions; kindly contact the library


© Powered by WIUC ICT DIRECTORATE